|
|
|
|
| LEADER |
00000nam a22000007a 4500 |
| 005 |
20130424182445.0 |
| 007 |
cr|||| |||| |
| 008 |
130424t2007 mx |||||s|||| 001 0 spa d |
| 020 |
|
|
|a 970-676-311-2
|
| 035 |
|
|
|a 10999
|
| 040 |
|
|
|a vLex
|
| 090 |
|
|
|c 4160
|d 4160
|
| 100 |
1 |
|
|a Lechuga Santillǹ, Efran̕
|
| 245 |
1 |
0 |
|a Ms̀ all ̀del cargo y el abono
|h [Recurso electrn̤ico] /
|c Efran̕ Lechuga Santillǹ
|
| 256 |
|
|
|a Servicio en ln̕ea
|
| 260 |
3 |
|
|a Mx̌ico, D.F.:
|b Ediciones Fiscales ISEF,
|c 2007
|
| 300 |
|
|
|a 1 recurso electrn̤ico
|
| 506 |
1 |
|
|a Acceso restringido
|d vLex Global
|d vLex Global (Academic Edition, excluding Law Schools)
|d vLex Global (U.S. Academic Edition, Law Schools)
|d vLex Global (U.S. Academic Edition, excluding Law Schools)
|d vLex Global (Academic Edition, Law Schools)
|
| 650 |
0 |
4 |
|a Economa̕
|z Mx̌ico
|
| 650 |
0 |
4 |
|a Negocios
|z Mx̌ico
|
| 740 |
0 |
|
|a vLex Libros (Servicio en ln̕ea)
|
| 856 |
4 |
0 |
|u http://vlex.com/source/mas-alla-cargo-abono-10999
|z Acceso restringido
|
| 942 |
|
|
|c BOOK
|
| 999 |
0 |
|
|a Business
|
| 999 |
0 |
|
|a Economics
|